000 007280000a22002170004500
020 _a0-281-04894-0
082 0 4 _aG 232.3 G64a
100 1 _aGoldingay, John., (Editor)
245 1 0 _aAtonement today / Edited by John Goldingay
260 _aLondon : SPCK
300 _axii, 285 páginas
501 _aRústico
504 _aIncluye bibliografía (p. 272-285)
505 0 0 _aEnsayos sobre el concepto de expiación - La expiación de hoy - Centrarse en la tradición - Centrarse en el mundo contemporáneo
650 1 4 _aCrucifixión de Jesús \ Expiación - Redención
001 19991
942 _cBK
999 _c46346
_d46346
336 _atexto
_btxt
_2rdacontent
337 _2rdamedia
_asin mediación
_bn
338 _2rdacarrier
_avolumen
_bnc